Statistics for Highest Grossing Movies - Inflation Adjusted

Click here to take the quiz!

General Stats

  • This quiz has been taken 70,940 times
    (33,281 since last reset)
  • The average score is 18 of 30

Answer Stats

#YearStarMovie% Correct
171983Billy Dee WilliamsReturn of the Jedi
93%
21977Carrie FisherStar Wars
93%
112015Daisy RidleyStar Wars:
The Force Awakens
93%
191999Natalie PortmanStar Wars: Episode I
93%
131980Mark HamillThe Empire Strikes Back
93%
51997Kate WinsletTitanic
89%
162019Chris EvansAvengers: Endgame
81%
221981Harrison FordRaiders of the
Lost Ark
79%
292012Jeremy RennerThe Avengers
76%
261994Tom HanksForrest Gump
75%
11939Clark GableGone with the Wind
72%
281978John TravoltaGrease
70%
251972Marlon BrandoThe Godfather
66%
31965Julie AndrewsThe Sound of Music
66%
152009Sigourney WeaverAvatar
60%
302015Chris PrattJurassic World
60%
41982Drew BarrymoreE.T.: The Extra-Terrestrial
57%
181993Laura DernJurassic Park
52%
271964Julie AndrewsMary Poppins
52%
(10)1937Adriana CaselottiSnow White and the
Seven Dwarfs
48%
(20)1994James Earl JonesThe Lion King
45%
141959Charlton HestonBen-Hur
41%
231967Dustin HoffmanThe Graduate
40%
(24)1940Walt DisneyFantasia
39%
71975Roy ScheiderJaws
39%
61956Charlton HestonThe Ten Commandments
27%
81965Omar SharifDoctor Zhivago
21%
211973Robert RedfordThe Sting
21%
91973Ellen BurstynThe Exorcist
15%
(12)1961Betty Lou Gerson101 Dalmatians
8%

Score Distribution

Percentile by Number Answered

Percent of People with Each Score

Your Score History

You have not taken this quiz since the last reset